[Event "GER-ch U25-B"]
[Site "Willingen"]
[Date "2023.05.31"]
[Round "6"]
[White "Mueller, Sophie Charlotte"]
[Black "Kroemer, Emanuel"]
[Result "1/2-1/2"]
[WhiteElo "1442"]
[BlackElo "1496"]
[PlyCount "76"]
[EventDate "2023.05.27"]
[EventType "swiss"]
[EventRounds "9"]
[EventCountry "GER"]
[SourceTitle "CBM 214 Extra"]
[Source "ChessBase"]
[SourceDate "2023.07.31"]
[SourceVersion "1"]
[SourceVersionDate "2023.07.31"]
[SourceQuality "1"]

1. e4 d5 2. exd5 Qxd5 3. Nc3 Qa5 4. Nf3 Nf6 5. g3 Bg4 6. Bg2 Nc6 7. 0-0 e6 8. d3 Bc5 9. Bd2 Bb6 10. h3 Bh5 11. Ne4 Qb5 12. Nxf6+ gxf6 13. Qc1 Rg8 14. Kh2 Bxf3 15. Bxf3 0-0-0 16. a4 Qc5 17. Bxc6 Qxc6 18. a5 Bc5 19. b4 Bd6 20. Qd1 h5 21. h4 Rg4 22. Kh3 Rdg8 23. Rg1 Qd5 24. f4 e5 25. Qe2 Kd7 26. Qf2 Qe6 27. Kh2 Qf5 28. Raf1 exf4 29. Bxf4 Bxf4 30. Qd4+ Bd6 31. Qxd6+ Kxd6 32. Rxf5 Rxb4 33. Rxf6+ Ke7 34. Rgf1 Rg7 35. R6f5 Rb2 36. R1f2 Rh7 37. Kg2 Ke6 38. Kf1 Rb4 1/2-1/2

[Event "GER-ch U25-B"]
[Site "Willingen"]
[Date "2023.05.29"]
[Round "3"]
[White "Kroemer, Emanuel"]
[Black "Derhay, Davyd"]
[Result "1-0"]
[WhiteElo "1496"]
[BlackElo "1376"]
[PlyCount "115"]
[EventDate "2023.05.27"]
[EventType "swiss"]
[EventRounds "9"]
[EventCountry "GER"]
[SourceTitle "CBM 214 Extra"]
[Source "ChessBase"]
[SourceDate "2023.07.31"]
[SourceVersion "1"]
[SourceVersionDate "2023.07.31"]
[SourceQuality "1"]

1. d4 d5 2. c4 c6 3. cxd5 cxd5 4. Bf4 Bf5 5. Nc3 e6 6. Nf3 Bd6 7. Bxd6 Qxd6 8. e3 Nf6 9. Be2 0-0 10. 0-0 Nc6 11. Nh4 Bg6 12. Nxg6 hxg6 13. Qd2 a6 14. f3 b5 15. Rac1 Nd7 16. Rfd1 Nb6 17. b3 Rfd8 18. Bd3 Rac8 19. Bb1 b4 20. Ne2 a5 21. e4 dxe4 22. fxe4 Nxd4 23. Rxc8 Nxc8 24. Nxd4 e5 25. Qg5 exd4 26. Qxa5 Ne7 27. e5 Qd5 28. Qxb4 Qxe5 29. Re1 Nc6 30. Rxe5 Nxb4 31. Kf2 d3 32. Re1 Nc6 33. Rd1 Ne5 34. h3 Ra8 35. Ke3 g5 36. Rd2 g6 37. Bxd3 Nxd3 38. Kxd3 Ra3 39. Kc4 f5 40. Kb4 Ra8 41. a4 Kg7 42. a5 Kh6 43. g4 Kg7 44. Rd6 f4 45. a6 f3 46. Ka5 f2 47. Rd1 Rf8 48. Rf1 Rf3 49. a7 Rxb3 50. Ka4 Rb2 51. Ka3 Rb7 52. a8Q Kh6 53. Qh8+ Rh7 54. Qf8+ Rg7 55. Rxf2 Kh7 56. Rf7 Rxf7 57. Qxf7+ Kh8 58. Qb7 1-0

[Event "GER-ch U25-B"]
[Site "Willingen"]
[Date "2023.05.28"]
[Round "2"]
[White "Brandt, Greta"]
[Black "Kroemer, Emanuel"]
[Result "0-1"]
[WhiteElo "1444"]
[BlackElo "1496"]
[PlyCount "68"]
[EventDate "2023.05.27"]
[EventType "swiss"]
[EventRounds "9"]
[EventCountry "GER"]
[SourceTitle "CBM 214 Extra"]
[Source "ChessBase"]
[SourceDate "2023.07.31"]
[SourceVersion "1"]
[SourceVersionDate "2023.07.31"]
[SourceQuality "1"]

1. Nf3 e6 2. g3 f5 3. Bg2 Nf6 4. 0-0 Be7 5. b3 0-0 6. Bb2 c6 7. c4 d5 8. cxd5 exd5 9. e3 Nbd7 10. d4 Ne4 11. Nbd2 Qc7 12. Qc2 Ndf6 13. Nxe4 Nxe4 14. Ne5 Be6 15. a3 a5 16. Rac1 Rac8 17. Nd3 Bd6 18. f3 Nxg3 19. hxg3 Bxg3 20. f4 Qe7 21. Bf3 Rf6 22. Ne5 Rh6 23. Rfd1 g5 24. Qg2 gxf4 25. exf4 Qh4 26. Rd3 Kh8 27. Kf1 Rg8 28. Ke2 Bxf4 29. Qh1 Bxc1 30. Qxh4 Rxh4 31. Bxc1 f4 32. Kd2 Bf5 33. Rc3 Rh2+ 34. Kd1 Rg1# 0-1

[Event "GER-ch Youth-B"]
[Site "Willingen"]
[Date "2022.06.05"]
[Round "1"]
[White "Schwarz, David"]
[Black "Kroemer, Emanuel"]
[Result "1/2-1/2"]
[WhiteElo "1244"]
[BlackElo "1415"]
[PlyCount "80"]
[EventDate "2022.06.04"]
[EventType "swiss"]
[EventRounds "9"]
[EventCountry "GER"]
[SourceTitle "CBM 208 Extra"]
[Source "ChessBase"]
[SourceDate "2022.07.31"]
[SourceVersion "1"]
[SourceVersionDate "2022.07.31"]
[SourceQuality "1"]

1. e4 d5 2. exd5 Qxd5 3. Nc3 Qa5 4. Nf3 Nf6 5. d4 c6 6. Bc4 Bf5 7. Bd2 Nbd7 8. 0-0 Bg4 9. h3 Bh5 10. g4 Bg6 11. Qe2 Qc7 12. Ne5 e6 13. Bf4 Bd6 14. h4 Nd5 15. Bxd5 Bxe5 16. dxe5 cxd5 17. h5 Bxc2 18. Nb5 Qc5 19. Rac1 Qb4 20. Nc7+ Kf8 21. Nxa8 Qxf4 22. Rxc2 Nxe5 23. f3 Ke7 24. Nc7 Rd8 25. Kg2 Nc4 26. Nb5 Ne3+ 27. Kh1 Nxc2 28. Qxc2 a6 29. Nc3 Qc4 30. Re1 d4 31. Qe4 Qc5 32. Qxb7+ Rd7 33. Ne4 Qa5 34. b4 Qa3 35. Qb6 Qxf3+ 36. Kg1 Qxg4+ 37. Kf1 Qf5+ 38. Kg1 Qg4+ 39. Kf1 Qf5+ 40. Kg1 Qg4+ 1/2-1/2

[Event "GER-chT U14"]
[Site "Willingen"]
[Date "2021.06.27"]
[Round "7.5"]
[White "Polzin, Gustav"]
[Black "Kroemer, Emanuel"]
[Result "1/2-1/2"]
[WhiteElo "1566"]
[BlackElo "1388"]
[PlyCount "74"]
[EventDate "2021.06.23"]
[EventType "team-swiss"]
[EventRounds "7"]
[EventCountry "GER"]
[SourceTitle "EXT 2022"]
[Source "ChessBase"]
[SourceDate "2021.10.06"]
[SourceVersion "1"]
[SourceVersionDate "2021.10.06"]
[SourceQuality "1"]
[WhiteTeam "Halle USV"]
[BlackTeam "Weimar"]
[WhiteTeamCountry "GER"]
[BlackTeamCountry "GER"]

1. e4 d5 2. exd5 Qxd5 3. Nc3 Qa5 4. d4 Nf6 5. Nf3 c6 6. Bc4 Bf5 7. Ne5 e6 8. Bd2 Nbd7 9. Nxd7 Nxd7 10. h4 Nf6 11. f3 h5 12. Qe2 Bb4 13. 0-0-0 b5 14. Bd3 Bxd3 15. Qxd3 Bxc3 16. Qxc3 Qxc3 17. Bxc3 Nd5 18. Bd2 a5 19. g4 g6 20. b3 b4 21. Kb2 Kd7 22. g5 Kc7 23. a3 Ra6 24. a4 Rd8 25. Rhe1 Kb7 26. Re4 Rd7 27. c4 bxc3+ 28. Bxc3 Nxc3 29. Kxc3 c5 30. Rd3 Rad6 31. f4 Kc7 32. Kc4 Kc6 33. Kc3 Rd5 34. Kc4 cxd4 35. Rdxd4 R7d6 36. Kc3 Rc5+ 37. Rc4 Rdd5 1/2-1/2

[Event "GER-chT U14"]
[Site "Willingen"]
[Date "2021.06.26"]
[Round "6.3"]
[White "Hoffmann, Alexander4444"]
[Black "Kroemer, Emanuel"]
[Result "1-0"]
[WhiteElo "1554"]
[BlackElo "1388"]
[PlyCount "71"]
[EventDate "2021.06.23"]
[EventType "team-swiss"]
[EventRounds "7"]
[EventCountry "GER"]
[SourceTitle "EXT 2022"]
[Source "ChessBase"]
[SourceDate "2021.10.06"]
[SourceVersion "1"]
[SourceVersionDate "2021.10.06"]
[SourceQuality "1"]
[WhiteTeam "Karlsruhe SF"]
[BlackTeam "Weimar"]
[WhiteTeamCountry "GER"]
[BlackTeamCountry "GER"]

1. e4 d5 2. exd5 Qxd5 3. Nc3 Qa5 4. d4 Nf6 5. Bc4 Nc6 6. Nf3 Bg4 7. Bd2 0-0-0 8. h3 Bxf3 9. Qxf3 Nxd4 10. Qd1 Qe5+ 11. Ne2 Qe4 12. 0-0 e6 13. Nxd4 Rxd4 14. Bd3 Qc6 15. Be3 Rd7 16. Qe2 Rd5 17. c4 Re5 18. Qd2 Bc5 19. Bf4 Rh5 20. Be2 Rd8 21. Qc1 Rh4 22. Bf3 Qb6 23. b4 Qxb4 24. Rb1 Qa5 25. Bxb7+ Kd7 26. Rb5 Qa3 27. Rd1+ Ke7 28. Bxc7 Bxf2+ 29. Kxf2 Qxa2+ 30. Rb2 Qxb2+ 31. Qxb2 Rxd1 32. Qb4+ Ke8 33. Qa4+ Rd7 34. Bc6 Ne4+ 35. Kg1 Nc5 36. Qb5 1-0

[Event "GER-chT U12"]
[Site "Magdeburg"]
[Date "2019.12.29"]
[Round "5.5"]
[White "Kroemer, Emanuel"]
[Black "Held, Momme Fredrik"]
[Result "0-1"]
[WhiteElo "1459"]
[BlackElo "1573"]
[PlyCount "56"]
[EventDate "2019.12.27"]
[EventType "team-swiss"]
[EventRounds "7"]
[EventCountry "GER"]
[SourceTitle "CBM 194 Extra"]
[Source "ChessBase"]
[SourceDate "2020.03.31"]
[SourceVersion "1"]
[SourceVersionDate "2020.03.31"]
[SourceQuality "1"]
[WhiteTeam "Weimar"]
[BlackTeam "Kreuzberg"]
[WhiteTeamCountry "GER"]
[BlackTeamCountry "GER"]

1. d4 d5 2. Nf3 e6 3. e3 f5 4. Bd3 Nf6 5. c4 c6 6. 0-0 Bd6 7. b3 0-0 8. Ba3 Ne4 9. Bxd6 Qxd6 10. Nbd2 Nd7 11. Qc2 Qe7 12. Ne5 Nxe5 13. dxe5 Rd8 14. Rad1 b6 15. f4 Qc5 16. Rf3 Ba6 17. Rh3 Rd7 18. Bxe4 dxe4 19. Kf2 Rad8 20. Nxe4 fxe4 21. Rxd7 Rxd7 22. Qxe4 g6 23. g4 Qb4 24. Qxc6 Qd2+ 25. Kf1 Qd1+ 26. Kf2 Rd2+ 27. Kg3 Qe1+ 28. Kf3 Qh1+ 0-1

[Event "GER-chT U12"]
[Site "Magdeburg"]
[Date "2019.12.28"]
[Round "3.6"]
[White "Kroemer, Emanuel"]
[Black "Marcziter, Alex"]
[Result "0-1"]
[WhiteElo "1459"]
[BlackElo "1335"]
[PlyCount "74"]
[EventDate "2019.12.27"]
[EventType "team-swiss"]
[EventRounds "7"]
[EventCountry "GER"]
[SourceTitle "CBM 194 Extra"]
[Source "ChessBase"]
[SourceDate "2020.03.31"]
[SourceVersion "1"]
[SourceVersionDate "2020.03.31"]
[SourceQuality "1"]
[WhiteTeam "Weimar"]
[BlackTeam "Porz SG"]
[WhiteTeamCountry "GER"]
[BlackTeamCountry "GER"]

1. d4 d5 2. Nf3 Nf6 3. e3 c5 4. c4 Nc6 5. a3 e6 6. Nc3 Be7 7. dxc5 Bxc5 8. b4 Bd6 9. c5 Bc7 10. Be2 0-0 11. 0-0 a6 12. Qc2 Qe7 13. Bb2 h6 14. Rad1 Rd8 15. Rd2 Bd7 16. Re1 Rac8 17. Qb3 Be8 18. Rc1 Rd7 19. Bd1 Rcd8 20. Ne2 e5 21. Bc2 e4 22. Nfd4 Nxd4 23. Nxd4 g6 24. c6 Rd6 25. cxb7 Rb8 26. a4 Rxb7 27. b5 axb5 28. axb5 Rdb6 29. Ba3 Bd6 30. Ra1 Bxa3 31. Rxa3 Bxb5 32. Ra8+ Kg7 33. h3 Bc4 34. Qc3 Qb4 35. Qxb4 Rxb4 36. Rd1 Nd7 37. Raa1 Nc5 0-1

[Event "GER-ch U12"]
[Site "Willingen"]
[Date "2019.06.14"]
[Round "8"]
[White "Schreidl, Michael"]
[Black "Kroemer, Emanuel"]
[Result "0-1"]
[WhiteElo "1586"]
[BlackElo "1466"]
[PlyCount "120"]
[EventDate "2019.06.08"]
[EventType "swiss"]
[EventRounds "9"]
[EventCountry "GER"]
[SourceTitle "CBM 191 Extra"]
[Source "ChessBase"]
[SourceDate "2019.09.30"]
[SourceVersion "1"]
[SourceVersionDate "2019.09.30"]
[SourceQuality "1"]

1. e4 d5 2. exd5 Qxd5 3. Nc3 Qa5 4. d4 Nf6 5. Nf3 c6 6. Bc4 Bf5 7. 0-0 Nbd7 8. Bf4 h6 9. Re1 e6 10. Ne5 g5 11. Nxd7 Nxd7 12. Be5 Nxe5 13. Rxe5 Qb4 14. Qe2 0-0-0 15. Bb3 Qxd4 16. Rd1 Qb6 17. Na4 Qc7 18. Rxd8+ Kxd8 19. Qd2+ Kc8 20. Re1 Bd6 21. g3 Rd8 22. Qe3 Kb8 23. Rd1 Be7 24. Rxd8+ Qxd8 25. c4 Kc8 26. c5 Qd3 27. Qxd3 Bxd3 28. Bd1 Kc7 29. b4 b6 30. cxb6+ axb6 31. a3 b5 32. Nb2 Be4 33. Bh5 f5 34. Be2 Kb6 35. Kf1 c5 36. bxc5+ Kxc5 37. Nd3+ Bxd3 38. Bxd3 Kc6 39. Ke1 Bxa3 40. Kd1 g4 41. Kc2 Bc5 42. Bf1 Bxf2 43. Bg2+ Kc5 44. Kb3 b4 45. h3 gxh3 46. Bxh3 Bxg3 47. Bg2 e5 48. Bf3 e4 49. Be2 f4 50. Kc2 f3 51. Ba6 f2 52. Bf1 e3 53. Kd3 Bf4 54. Be2 Bg5 55. Bf1 Kd5 56. Be2 Ke5 57. Kc4 Kf4 58. Kxb4 Kg3 59. Bf1 Kh2 60. Kc3 Kg1 0-1

[Event "GER-ch U12"]
[Site "Willingen"]
[Date "2019.06.10"]
[Round "3"]
[White "Kroemer, Emanuel"]
[Black "Kageler, Anton Paul"]
[Result "0-1"]
[WhiteElo "1466"]
[BlackElo "1563"]
[PlyCount "156"]
[EventDate "2019.06.08"]
[EventType "swiss"]
[EventRounds "9"]
[EventCountry "GER"]
[SourceTitle "CBM 191 Extra"]
[Source "ChessBase"]
[SourceDate "2019.09.30"]
[SourceVersion "1"]
[SourceVersionDate "2019.09.30"]
[SourceQuality "1"]

1. d4 Nf6 2. Nf3 g6 3. Nc3 d5 4. Bf4 Bg7 5. Qd2 0-0 6. Bh6 Ne4 7. Nxe4 dxe4 8. Bxg7 Kxg7 9. Ng5 e5 10. 0-0-0 Qd5 11. Qc3 Qxa2 12. Qa3 Qxa3 13. bxa3 exd4 14. Rxd4 e3 15. fxe3 Nc6 16. Rf4 h6 17. Ne4 Re8 18. g4 g5 19. Nf6 Rxe3 20. Nh5+ Kg8 21. Nf6+ Kf8 22. Rf3 Rxf3 23. exf3 Be6 24. Bb5 Nd4 25. Bd3 Nxf3 26. Be4 Ke7 27. Nd5+ Bxd5 28. Bxd5 Ne5 29. Re1 Kf6 30. Rf1+ Kg7 31. h3 c6 32. Rf5 f6 33. Bb3 Rd8 34. Kb2 Kg6 35. Ba2 h5 36. Be6 Re8 37. gxh5+ Kxh5 38. Rxf6 Re7 39. Kc3 Nd7 40. Bg4+ Kh4 41. Rh6+ Kg3 42. Rg6 Nc5 43. Kd4 Ne4 44. c4 Kf4 45. c5 Re5 46. Re6 Rd5+ 47. Kc4 Rxc5+ 48. Kd4 Rd5+ 49. Kc4 Re5 50. Rg6 Re7 51. Kd4 Nf2 52. Rf6+ Kg3 53. Rf3+ Kg2 54. Rc3 Re4+ 55. Kc5 Nxg4 56. hxg4 Rxg4 57. Kd6 Rf4 58. Rc5 g4 59. Rg5 g3 60. Rg7 Ra4 61. Rxb7 Rxa3 62. Kxc6 Kf2 63. Rb2+ Kg1 64. Rb1+ Kh2 65. Rb5 g2 66. Rh5+ Rh3 67. Rxh3+ Kxh3 68. Kd5 g1Q 69. Ke4 Qc5 70. Kd3 Qb4 71. Ke3 Qc4 72. Kf3 Qd4 73. Ke2 Qc3 74. Kf2 Qd3 75. Ke1 Qc2 76. Kf1 Kg3 77. Ke1 Kf3 78. Kf1 Qc1# 0-1